Reliability of computer systems and networks : fault tolerance, analysis, and design
Αποθηκεύτηκε σε:
| Κύριος συγγραφέας: | |
|---|---|
| Μορφή: | Βιβλίο |
| Γλώσσα: | English |
| Δημοσίευση: |
New York :
Wiley,
c2002
|
| Θέματα: | |
| Ετικέτες: |
Προσθήκη ετικέτας
Δεν υπάρχουν, Καταχωρήστε ετικέτα πρώτοι!
|
MARC
| LEADER | 00000nam a2200000 i 4500 | ||
|---|---|---|---|
| 001 | 1/69168 | ||
| 008 | 020605s2002 eng d | ||
| 020 | |a 0-471-29342-3 | ||
| 035 | |l 10002198 | ||
| 040 | |a GR-MY-UA |b gre |e aacr | ||
| 041 | 0 | |a eng | |
| 082 | 0 | |a 004.65 | |
| 100 | 1 | |a Shooman, Martin L. | |
| 245 | 1 | 0 | |a Reliability of computer systems and networks : |b fault tolerance, analysis, and design / |c Martin L.Shooman |
| 260 | |a New York : |b Wiley, |c c2002 | ||
| 300 | |a xxii, 528 p.; |b ill; |c 24 cm. | ||
| 504 | |a Includes bibliographical references and index | ||
| 650 | 0 | 0 | |a Computer networks |x Reliability. |
| 650 | 0 | 0 | |a Computer systems |x Reliability. |
| 852 | |a INST |b CHIOS |e 20070806 |h 004.65 SHO |p 005200025659 |q 005200025659 |t BK |y 0 | ||
| 852 | |a INST |b SAMOS |e 20020605 |h 004.65 SHO |p 005300024486 |q 005300024486 |t BK |y 0 | ||
| 901 | |a BIBL3-2002-2 | ||
| 901 | |a BIBL2-2007-2 | ||
| 909 | |a Σ |b 102140 | ||
| 909 | |a Χ |b 137235 | ||
| 922 | |a 3ΕΛΗ |b 200202 |c ΤΠΕΣ |d ΠΑΠΑΣΩΤΗΡΙΟΥ | ||
| 922 | |a 2ΕΛΗ |b 200707 |c ΕΠΕΑΕΚ2/ΤΜΟΔ |d ΕΛΕΥΘΕΡΟΥΔΑΚΗΣ | ||
| 970 | |a ΜΑΛΑΓΑΡΗ |b ΦΩΤΕΙΝΗ |z 2002/06/05 | ||